• Denzinger, Heinrich,

di Personal Name

Records bibliografici associati: 4

001 - CONTROL NUMBER

  • control field: 42521

003 - CONTROL NUMBER IDENTIFIER

  • control field: IT-RoINE

005 - DATE AND TIME OF LATEST TRANSACTION

  • control field: 20191217103037.0

008 - FIXED-LENGTH DATA ELEMENTS

  • fixed length control field: 171129|| aca||aabn | a|a d

040 ## - CATALOGING SOURCE

  • Original cataloging agency: IT-RoINE
  • Transcribing agency: IT-RoINE

100 1# - HEADING--PERSONAL NAME

  • Personal name: Denzinger, Heinrich,
  • Dates associated with a name: 1819-1883

400 1# - SEE FROM TRACING--PERSONAL NAME

  • Personal name: Denzinger, Enrique,‏ ‏
  • Dates associated with a name: 1819-1883

400 1# - SEE FROM TRACING--PERSONAL NAME

  • Personal name: Denzinger, Heinrich Joseph‏,
  • Dates associated with a name: 1819-1883

400 1# - SEE FROM TRACING--PERSONAL NAME

  • Personal name: Denzinger, Henricus,
  • Dates associated with a name: 1819-1883

400 1# - SEE FROM TRACING--PERSONAL NAME

  • Personal name: Denzinger, Heinrich Joseph Dominik,
  • Dates associated with a name: 1819-1883

670 ## - SOURCE DATA FOUND

  • Source citation: Work cat.: (IT-RoINE)0: Ignacio, Santo, Obispo de Antioquía, 13994 m. 110, S.P.N. Ignatii, Episcopi Antiocheni epistolae cum genuinae, tum dubiae et supposititiae, praemissa dissertatione de integritate textus recepti Epistolarum S. Ignatii /, 1986.